Trí tuệ Chu Ân Lai

Đây là tài liệu nghiên cứu công phu về Chu Ân Lai, một chính khách nổi bật nhất của lịch sử Trung Quốc và lịch sử thế giới hiên đại. Tác giả sử dụng phương pháp sử kí: ghi chép theo tuần tự thời gian, sắp xếp có chọn lọc theo từng chủ...

תיאור מלא

שמור ב:
מידע ביבליוגרפי
מחבר ראשי: Tào ứng Vượng
פורמט: ספר
שפה:Undetermined
יצא לאור: Hà Nội Công an nhân dân 2000
נושאים:
תגים: הוספת תג
אין תגיות, היה/י הראשונ/ה לתייג את הרשומה!
Thư viện lưu trữ: Trung tâm Học liệu Trường Đại học Cần Thơ
LEADER 01010nam a2200181Ia 4500
001 CTU_39638
008 210402s9999 xx 000 0 und d
082 |a 951.56 
082 |b V561 
100 |a Tào ứng Vượng 
245 0 |a Trí tuệ Chu Ân Lai 
245 0 |c Tào ứng Vượng; Dịch giả: Phạm Ngọc Chương, Thái Quý 
260 |a Hà Nội 
260 |b Công an nhân dân 
260 |c 2000 
520 |a Đây là tài liệu nghiên cứu công phu về Chu Ân Lai, một chính khách nổi bật nhất của lịch sử Trung Quốc và lịch sử thế giới hiên đại. Tác giả sử dụng phương pháp sử kí: ghi chép theo tuần tự thời gian, sắp xếp có chọn lọc theo từng chủ đề, do vậy dễ theo dõi và đánh giá. 
650 |a china - history,chu an lai,communist parties - china 
980 |a Trung tâm Học liệu Trường Đại học Cần Thơ